1202 1123 1928 1721 1730 1879 1207 1459 1948 1591 1674 1091 1352 1539 1063 1212 1113 1822 1973 1064 1259 1640 1777 1914 1787 1120 1659 1580 1109 1754 1837 1439 1302 1992 1803 1977 1998 1527 1715 1499 1946 1963 1833 1615 1662 1115 1335 1448 1815 1912 1495 1678 1505 1267 1646 1722 1386 1196 1226 1160 1180 1387 1830 1153 1275 1261 1954 1263 1143 1678 1297 1381 1082 1903 1389 1198 1339 1084 1421 1814 1302 1466 1013 1714 1261 1948 1791 1242 1907 1182 1209 1864 1966 1719 1186 1082 1607 1745 1278 BCNSPRNW ULIB Ver.6.0+V

เปลี่ยนเป็นภาษาไทย

Change to English
 แสดงรายละเอียดบรรณานุกรม
  กลับหน้าหลัก

Brief Record : Get Marc (ISO 2709) : E-mail record : QR code < ปิดหน้าต่าง
LEADER : 00000nam 2200000uu 4500
001    13399110155
003     ULIB
008    110422s2551||||th 000 0 tha d
020    9789740517733
060 04 WK140^bม413ก 2551
100 0  มาคุ้มครอง โปษยะจินดา
245 00 การตรวจและรักษาโรคของต่อมไทรอยด์ด้วยสารกัมมันตรังสี /^cมาคุ้มครอง โปษยะจินดา
250    พิมพ์ครั้งที่ 1
260    กรุงเทพฯ :^bจรัลสนิทวงศ์การพิมพ์,^c2551
300    376 หน้า
650  7 สารกัมมันตรังสี
650  7 ต่อมธัยรอยด์^xการตรวจรักษา
945    ^p300^l0^i024723
945    ^p300^l0^i024722
945    ^p300^l0^i024721
945    ^p300^l0^i024720
995    ทศพร
999 ^a ใช้งานได้ทุกระบบ
รายการนี้ยังไม่มีแท็ก
คุณยังไม่ได้ล็อกอิน คุณสามารถมีกิจกรรมร่วมกับเว็บไซต์ได้ แต่ต้องล็อกอินก่อน ::
  ล็อกอิน

รายการสื่อสารสนเทศ

ลำดับที่ ประเภท เลขเรียก/บาร์โค้ด สถานที่ สถานะ
- ไม่พบข้อมูล -

รายการใกล้เคียง
    ผู้แต่ง [มาคุ้มครอง โปษยะจินดา]

    หัวเรื่อง [สารกัมมันตรังสี]

BibComment


ยังไม่เคยถูกคอมเมนท์

คอมเมนท์ทรัพยากรรายการนี้
  คอมเมนท์: การตรวจและรักษาโร..


 Copyright 2026. Bcnsprnw @Library